00273 a2200121 450000100060000000300050000608200210001110000140003224500420004626000350008830000100012350000180013390380NUST a891.43930108 SAE aSaeed Asi aKab Raaj Karey Gi Khalqay KhudahUrdu aLahorebHuq Publicationsc2012 a335p. aGeneral Books